[Event "Kieler Open 2021"]
[Site "?"]
[Date "2021.07.27"]
[Round "6.24"]
[White "Wartenberg, Alissa"]
[Black "Schiller, Thomas"]
[Result "1/2-1/2"]
[WhiteElo "1562"]
[BlackElo "1956"]
[Annotator "HAD"]
[PlyCount "74"]

1. e4 e5 2. Nf3 Nc6 3. Nc3 Nf6 4. d4 exd4 5. Nxd4 d6 6. f3 Be7 7. Be3 O-O 8.
Qd2 a6 9. Be2 Bd7 10. g4 Nxd4 11. Bxd4 b5 12. g5 Ne8 13. h4 c5 14. Be3 Rc8 15.
h5 Nc7 16. g6 fxg6 17. hxg6 Bh4+ 18. Bf2 Bxf2+ 19. Kxf2 Qf6 20. Nd5 Nxd5 21.
Qxd5+ Be6 22. gxh7+ Kh8 23. Qxd6 Rfd8 24. Qxa6 Qd4+ 25. Kg2 Rd6 26. Qxb5 Bd7
27. Qc4 Rg6+ 28. Kf1 Bh3+ 29. Ke1 Rg1+ 30. Rxg1 Qxg1+ 31. Bf1 Qg3+ 32. Kd2 Qh2+
33. Kc3 Qg1 34. Kd2 Rd8+ 35. Kc3 Be6 36. Qa4 Bd7 37. Qc4 Be6 1/2-1/2

[Event "Kieler Open 2021"]
[Site "?"]
[Date "2021.07.27"]
[Round "6.25"]
[White "Steffens, Olaf"]
[Black "Weihrauch, Sebastian"]
[Result "1-0"]
[WhiteElo "2145"]
[BlackElo "1591"]
[Annotator "HAD"]
[PlyCount "56"]

1. b4 e5 2. a3 d5 3. Bb2 Bd6 4. c4 c6 5. Nf3 Nd7 6. Nc3 Ngf6 7. e3 O-O 8. Be2
Re8 9. d4 e4 10. Nd2 Nf8 11. g4 h6 12. h4 N8h7 13. Qb3 Bc7 14. g5 hxg5 15. hxg5
Nxg5 16. O-O-O Be6 17. Rdg1 Ngh7 18. f3 exf3 19. Bxf3 dxc4 20. Qc2 g6 21. d5
cxd5 22. Nxd5 Bxd5 23. Rxg6+ fxg6 24. Qxg6+ Kf8 25. Rxh7 Rxe3 26. Qg7+ Ke8 27.
Rh8+ Bg8 28. Rxg8+ Nxg8 1-0

[Event "Kieler Open 2021"]
[Site "?"]
[Date "2021.07.27"]
[Round "6.26"]
[White "Olde, Henning"]
[Black "Schmieder, Kerstin"]
[Result "0-1"]
[WhiteElo "1832"]
[BlackElo "1658"]
[Annotator "HAD"]
[PlyCount "57"]

1. f4 d5 2. Nf3 Nc6 3. e3 Nf6 4. d4 Bg4 5. Bb5 Qd6 6. c3 Bxf3 7. Qxf3 e6 8. O-O
g6 9. Nd2 Bg7 10. c4 O-O 11. b3 Ne7 12. c5 Qd8 13. Bd3 c6 14. Rb1 Nf5 15. Qh3
Qa5 16. b4 Qc7 17. g4 Nxg4 18. Nf3 Nfxe3 19. Ng5 h6 20. Bxe3 Nxe3 21. Nxe6 fxe6
22. Qxe6+ Qf7 23. Qxe3 Rae8 24. Qf2 Re6 25. Rbd1 Rf6 26. Qe3 Rxf4 27. Rxf4 Qxf4
28. Qe6+ Kh8 29. Rf1 0-1

[Event "Kieler Open 2021"]
[Site "?"]
[Date "2021.07.27"]
[Round "6.27"]
[White "Wartenberg, Julian"]
[Black "Gibhardt, Peter"]
[Result "1-0"]
[WhiteElo "1408"]
[BlackElo "1754"]
[Annotator "HAD"]
[PlyCount "69"]

1. c4 Nf6 2. g3 e6 3. Bg2 Be7 4. Nf3 c5 5. O-O d5 6. e3 O-O 7. cxd5 exd5 8. d4
Nc6 9. Nc3 Bg4 10. h3 Bh5 11. Qb3 Qd7 12. dxc5 Bxc5 13. Kh2 Bb6 14. Nb5 a6 15.
Nbd4 Bc7 16. Nd2 Nxd4 17. exd4 Rfe8 18. Nf3 Re2 19. Be3 Re8 20. Ng1 R2xe3 21.
fxe3 Qd6 22. e4 dxe4 23. Rae1 Bf3 24. Ne2 Bh5 25. Nf4 Bg6 26. Nxg6 hxg6 27. Re3
Nd5 28. Rxe4 Rxe4 29. Bxe4 Ne7 30. Qxf7+ Kh7 31. Rf4 Ng8 32. Bxg6+ Qxg6 33.
Qxc7 Nf6 34. Rh4+ Nh5 35. g4 1-0

[Event "Kieler Open 2021"]
[Site "?"]
[Date "2021.07.27"]
[Round "6.28"]
[White "Tran, Minh Dat"]
[Black "von Lossow, Marcus"]
[Result "1/2-1/2"]
[WhiteElo "1611"]
[BlackElo "1697"]
[Annotator "HAD"]
[PlyCount "50"]

1. c4 c5 2. Nc3 Nc6 3. g3 g6 4. Bg2 Bg7 5. e4 e5 6. d3 Nf6 7. Nge2 O-O 8. O-O
d6 9. f4 exf4 10. Bxf4 Nh5 11. Rb1 Nxf4 12. Nxf4 Rb8 13. a3 Nd4 14. b4 Ne6 15.
Ncd5 Nxf4 16. Nxf4 Bd7 17. b5 f5 18. Nd5 Be6 19. exf5 Rxf5 20. Rxf5 Bxf5 21. g4
Be6 22. Qe2 Qd7 23. h3 Re8 24. Re1 Bf7 25. Qd2 b6 1/2-1/2

[Event "Kieler Open 2021"]
[Site "?"]
[Date "2021.07.29"]
[Round "6.29"]
[White "Diederichs, Karl"]
[Black "Strätker, Sebastian"]
[Result "0-1"]
[WhiteElo "1620"]
[BlackElo "1887"]
[Annotator "HAD"]
[PlyCount "80"]

1. d4 Nf6 2. Nf3 g6 3. Nc3 d5 4. Bf4 Bg7 5. Ne5 O-O 6. e3 Nbd7 7. Be2 c6 8. g4
Nxe5 9. Bxe5 Qa5 10. Bxf6 Bxf6 11. h4 e5 12. Qd2 exd4 13. exd4 Qb4 14. O-O-O
Qe7 15. g5 Bg7 16. h5 Bf5 17. Rh4 b5 18. Bd3 Bxd3 19. cxd3 Rae8 20. Qf4 f6 21.
gxf6 Qxf6 22. Qg4 g5 23. Rh2 Qf4+ 24. Qxf4 Rxf4 25. h6 Bxd4 26. Rg1 Bf6 27. Kd2
Kf7 28. Ne2 Rh4 29. Rhg2 Rxh6 30. Ng3 Be5 31. Nf5 Bf4+ 32. Kc3 Rf6 33. Nd4 h5
34. Nf3 g4 35. Ne1 Re2 36. Nc2 a5 37. Kb3 c5 38. Ne1 c4+ 39. dxc4 dxc4+ 40. Ka3
Bd6+ 0-1

[Event "Kieler Open 2021"]
[Site "?"]
[Date "2021.07.27"]
[Round "6.30"]
[White "Kort, Felix"]
[Black "Kirchner, Philipp"]
[Result "1-0"]
[WhiteElo "1816"]
[BlackElo "1519"]
[Annotator "HAD"]
[PlyCount "69"]

1. d4 Nf6 2. c4 g6 3. f3 Bg7 4. e4 d6 5. Nc3 O-O 6. Be3 e5 7. d5 c6 8. Qd2 cxd5
9. cxd5 Nbd7 10. Nge2 Nh5 11. g4 Nhf6 12. Ng3 Re8 13. h4 h5 14. gxh5 Nxh5 15.
Nxh5 gxh5 16. O-O-O Qf6 17. Rg1 Kh7 18. Bg5 Bh6 19. Bh3 Nc5 20. Bxc8 Bxg5 21.
hxg5 Qxf3 22. Bf5+ Kg7 23. Rdf1 Qd3 24. Qxd3 Nxd3+ 25. Kc2 Nf4 26. Kd2 h4 27.
Ne2 Rh8 28. Nxf4 exf4 29. Rxf4 h3 30. Rh1 h2 31. Rf2 Rh5 32. Rhxh2 Rxg5 33.
Rfg2 f6 34. Rh7+ Kg8 35. Rgh2 1-0

[Event "Kieler Open 2021"]
[Site "?"]
[Date "2021.07.27"]
[Round "6.31"]
[White "Ehrich, Dieter"]
[Black "Ermert, Karl Hans Rag"]
[Result "0-1"]
[WhiteElo "1620"]
[BlackElo "1767"]
[Annotator "HAD"]
[PlyCount "60"]
[EventDate "2021.??.??"]

1. c4 f5 2. g3 Nf6 3. Nf3 d6 4. d4 e6 5. Nc3 Be7 6. Bg2 O-O 7. Bg5 Ne4 8. Bxe7
Qxe7 9. O-O Nxc3 10. bxc3 e5 11. dxe5 dxe5 12. Qd5+ Be6 13. Qxe5 Nc6 14. Qb5
Bd7 15. Qb2 Rae8 16. e3 Na5 17. Qb4 Qxb4 18. cxb4 Nxc4 19. Rac1 Bb5 20. Nd4
Nxe3 21. Rfe1 Nxg2 22. Rxe8 Bxe8 23. Rxc7 Ne1 24. Rc3 Bh5 25. Kf1 Rd8 26. Nxf5
Rd1 27. Ne3 Rb1 28. Rc7 Bf3 29. Kg1 Nd3+ 30. Nf1 Be2 0-1

[Event "Kieler Open 2021"]
[Site "?"]
[Date "2021.07.27"]
[Round "6.32"]
[White "Wartenberg, Alexander"]
[Black "Sauer, Tim"]
[Result "0-1"]
[WhiteElo "1424"]
[BlackElo "1767"]
[Annotator "HAD"]
[PlyCount "56"]

1. e4 c5 2. Nf3 g6 3. d4 cxd4 4. Nxd4 Bg7 5. Bc4 Nc6 6. Be3 Nf6 7. Nc3 Qa5 8.
O-O O-O 9. Nxc6 bxc6 10. a3 Rb8 11. Rb1 Rd8 12. Qd3 d5 13. exd5 cxd5 14. Bb5 d4
15. Bxd4 Bf5 16. Qc4 Rbc8 17. Bc5 Bxc2 18. Rbc1 Bd3 19. Qb4 Qxb4 20. Bxb4 Bxf1
21. Kxf1 Nd5 22. Ba6 Bh6 23. Re1 Rc6 24. Bb7 Nxb4 25. axb4 Rc7 26. Bf3 Bd2 27.
Rd1 Rcd7 28. Nd5 Bg5 0-1

[Event "Kieler Open 2021"]
[Site "Kiel"]
[Date "2021.07.27"]
[Round "6.33"]
[White "Thielemann, Joachim"]
[Black "Farokhi, Darian"]
[Result "1-0"]
[WhiteElo "1746"]
[BlackElo "1182"]
[Annotator "HAD"]
[PlyCount "213"]
[EventDate "2021.??.??"]

1. b4 e5 2. Bb2 d6 3. c4 Be6 4. e3 Nf6 5. Nc3 Be7 6. h3 Nbd7 7. Nf3 O-O 8. d3
c6 9. Be2 Qc7 10. Rc1 Qd8 11. O-O d5 12. c5 Kh8 13. Ng5 Ng8 14. Nxe6 fxe6 15.
Bg4 Rf6 16. Ne2 Rg6 17. f4 Bh4 18. g3 Bf6 19. f5 exf5 20. Bxf5 Rh6 21. Kh2 Qe8
22. Ng1 Ne7 23. Rc2 Nxf5 24. Rxf5 Qg6 25. Qf1 Qf7 26. Rcf2 Rf8 27. e4 d4 28.
Bc1 Rh5 29. Rxh5 Qxh5 30. g4 Qe8 31. g5 Be7 32. Rf5 g6 33. Rf2 Kg7 34. Ne2 Qd8
35. h4 a5 36. a3 axb4 37. axb4 Qa8 38. Kg2 Qa4 39. Bd2 Qb3 40. Rxf8 Bxf8 41.
Ng3 Qe6 42. Qf3 b5 43. Nf1 Be7 44. Qh3 Qxh3+ 45. Kxh3 Kf7 46. Kg4 Ke6 47. Nh2
Kf7 48. Nf3 Ke6 49. h5 Kf7 50. Be1 Ke6 51. Bg3 Bd8 52. Bh2 Be7 53. Bg3 Bd8 54.
Nd2 Bc7 55. Be1 Kf7 56. Nf3 Ke6 57. Bd2 Ke7 58. Bc1 Ke6 59. Bb2 Nf8 60. Nd2 Nd7
61. Bc1 Bb8 62. Nf3 Bc7 63. Bd2 Ke7 64. Be1 Ke6 65. Bf2 Nf8 66. Nd2 Nd7 67. Kh4
Ke7 68. Nf3 Ke6 69. Nh2 Kf7 70. Nf3 Ke6 71. hxg6 hxg6 72. Kg4 Kf7 73. Bg3 Ke6
74. Bf2 Nf8 75. Nh4 Kf7 76. Nf3 Ke6 77. Bg3 Nd7 78. Be1 Kf7 79. Kg3 Ke6 80. Nh2
Kf7 81. Ng4 Ke6 82. Kf3 Kf7 83. Bd2 Kf8 84. Be1 Kf7 85. Bg3 Kf8 86. Ke2 Kf7 87.
Kd2 Kf8 88. Kc2 Kf7 89. Nh2 Ke6 90. Nf3 Kf7 91. Kd1 Ke6 92. Ke2 Kf7 93. Bf2 Ke6
94. Bxd4 exd4 95. Nxd4+ Ke5 96. Nxc6+ Kf4 97. Nd4 Kxg5 98. Ne6+ Kf6 99. Nxc7
Ke5 100. Nxb5 g5 101. Ke3 g4 102. d4+ Ke6 103. c6 Nb6 104. d5+ Ke7 105. Nc3
Nc4+ 106. Kf4 Kd6 107. Kxg4 1-0

[Event "Kieler Open 2021"]
[Site "Kiel"]
[Date "2021.07.27"]
[Round "6.34"]
[White "Serrer, David"]
[Black "Ahrens, Jan"]
[Result "1/2-1/2"]
[WhiteElo "1551"]
[BlackElo "1724"]
[Annotator "HAD"]
[PlyCount "66"]
[EventDate "2021.??.??"]

1. e4 d5 2. exd5 Qxd5 3. Nc3 Qa5 4. d4 Nf6 5. Nf3 Bf5 6. Bc4 c6 7. Bd2 e6 8.
O-O Qd8 9. Ne2 Bd6 10. Ng3 Bxg3 11. fxg3 O-O 12. c3 h6 13. Qb3 b5 14. Be2 Nbd7
15. Rad1 Nd5 16. Bc1 Qb6 17. Kh1 a5 18. a4 Rfb8 19. Rde1 Ra7 20. axb5 a4 21.
Qd1 cxb5 22. Bd3 Bxd3 23. Qxd3 Rc8 24. Ne5 Nxe5 25. Rxe5 a3 26. bxa3 Rxc3 27.
Qe4 Rac7 28. Bd2 Nf6 29. Qh4 Rd3 30. Bxh6 Rxd4 31. Qg5 Rg4 32. Qd2 Rd4 33. Qg5
Rg4 1/2-1/2

[Event "Kieler Open 2021"]
[Site "Kiel"]
[Date "2021.07.27"]
[Round "6.35"]
[White "Weber, Andreas"]
[Black "Sauer, Andreas"]
[Result "1-0"]
[WhiteElo "1696"]
[BlackElo "1180"]
[Annotator "HAD"]
[PlyCount "53"]
[EventDate "2021.??.??"]

1. Nf3 d5 2. g3 e6 3. Bg2 Nf6 4. O-O Nc6 5. d3 Be7 6. Nbd2 O-O 7. e4 dxe4 8.
dxe4 e5 9. c3 b6 10. Qc2 h6 11. Rd1 Qe8 12. Nc4 Nd7 13. Ne3 Bb7 14. Nd5 Bd6 15.
Nh4 Ne7 16. Nf5 Nxf5 17. exf5 c6 18. Ne3 Bc7 19. Ng4 Qe7 20. Bxh6 gxh6 21. Rxd7
Qg5 22. Ne3 Rac8 23. Rad1 Rfd8 24. Qb3 Rf8 25. Bf3 h5 26. h4 Qh6 27. Re7 1-0

[Event "Kieler Open 2021"]
[Site "Kiel"]
[Date "2021.07.27"]
[Round "6.36"]
[White "Brühl, Rainer"]
[Black "Ahrens, Gunnar"]
[Result "0-1"]
[WhiteElo "1293"]
[BlackElo "1692"]
[Annotator "HAD"]
[PlyCount "35"]
[EventDate "2021.??.??"]

1. d4 Nf6 2. c4 e6 3. Nc3 Be7 4. Nf3 O-O 5. e3 d6 6. Bd3 Nbd7 7. O-O a6 8. a4
c5 9. d5 e5 10. Ng5 h6 11. Nge4 Nxe4 12. Nxe4 f5 13. Ng3 e4 14. Nxf5 exd3 15.
Qxd3 Ne5 16. Nxe7+ Qxe7 17. Qe4 Bf5 18. Qf4 0-1

[Event "Kieler Open 2021"]
[Site "Kiel"]
[Date "2021.07.27"]
[Round "6.37"]
[White "Kathage, Holger"]
[Black "Chitsazian, Daniel"]
[Result "0-1"]
[WhiteElo "1665"]
[BlackElo "1142"]
[Annotator "HAD"]
[PlyCount "104"]
[EventDate "2021.??.??"]

1. d4 Nf6 2. Nf3 d5 3. e3 b6 4. Bd3 Bb7 5. Nbd2 e6 6. Ne5 Bd6 7. f4 h5 8. O-O
g6 9. Qf3 c5 10. c3 Qe7 11. Bxg6 fxg6 12. Nxg6 Qg7 13. Nxh8 Qxh8 14. Qh3 Ng4
15. Nf3 Nd7 16. Ne5 Ndf6 17. Bd2 Qh7 18. Qf3 O-O-O 19. h3 Ne4 20. Qe2 Ng3 21.
Qf3 Nxf1 22. Qxf1 Nxe5 23. fxe5 Rf8 24. Qe2 Be7 25. a4 c4 26. a5 b5 27. b3 a6
28. b4 Bc6 29. Rf1 Rf5 30. Be1 Be8 31. Bg3 Bg5 32. Bf4 Bxf4 33. exf4 Bg6 34. h4
Rf8 35. Rf3 Bf5 36. Rg3 Bg4 37. Rxg4 hxg4 38. Qxg4 Qb1+ 39. Kh2 Qf5 40. Qxf5
exf5 41. Kh3 Rg8 42. g3 Rg4 43. Kg2 Kd7 44. Kf3 Ke6 45. Kg2 Kf7 46. Kf3 Kg6 47.
Kg2 Kh5 48. Kf3 Rg6 49. Kg2 Kg4 50. Kh2 Kf3 51. h5 Rh6 52. Kg1 Kxg3 0-1

[Event "Kieler Open 2021"]
[Site "Kiel"]
[Date "2021.07.27"]
[Round "6.40"]
[White "Pennekamp, Christoph"]
[Black "Riechenberg, Sebastia"]
[Result "0-1"]
[WhiteElo "1541"]
[BlackElo "985"]
[Annotator "HAD"]
[PlyCount "46"]
[EventDate "2021.??.??"]

1. d4 d5 2. Nf3 e6 3. e3 Nf6 4. Bd3 Be7 5. Nbd2 Nbd7 6. b3 O-O 7. O-O c5 8. Bb2
b6 9. Qe2 Bb7 10. a3 Rc8 11. Rac1 cxd4 12. exd4 Re8 13. Ne5 Nxe5 14. dxe5 Nd7
15. b4 a5 16. bxa5 bxa5 17. Kh1 Nc5 18. Bb5 Bc6 19. Bxc6 Rxc6 20. c4 Na4 21.
cxd5 Rxc1 22. Bxc1 Qxd5 23. Rd1 Nc3 0-1

[Event "Kieler Open 2021"]
[Site "Kiel"]
[Date "2021.07.27"]
[Round "6.41"]
[White "Tran, Hanna Emilie Ma"]
[Black "Schmidt, Peter"]
[Result "0-1"]
[WhiteElo "984"]
[BlackElo "1913"]
[Annotator "HAD"]
[PlyCount "74"]
[EventDate "2021.??.??"]

1. e4 e5 2. Nf3 Nc6 3. Bc4 Nf6 4. Nc3 Bc5 5. d3 d6 6. Be3 Bb6 7. d4 Bg4 8. d5
Ne7 9. Bxb6 axb6 10. Be2 O-O 11. h3 Bxf3 12. Bxf3 Nd7 13. Ne2 f5 14. exf5 Nxf5
15. Be4 Qh4 16. Qd3 Nc5 17. Qf3 Nd4 18. Bxh7+ Kxh7 19. Qg3 Qxg3 20. Nxg3 Nxc2+
21. Ke2 Nxa1 22. Rxa1 Nb3 23. Rd1 Rxa2 24. Rd3 Rxb2+ 25. Ke3 Nc5 26. Rc3 Rfxf2
27. h4 Rxg2 28. Kf3 Rxg3+ 29. Kxg3 Ne4+ 30. Kg4 Nxc3 31. h5 Rf2 32. Kg5 Ne4+
33. Kg4 Kh6 34. Kh3 Kg5 35. h6 Kf4 36. hxg7 Ng5+ 37. Kh4 Rh2# 0-1

[Event "Kieler Open 2021"]
[Site "Kiel"]
[Date "2021.07.27"]
[Round "6.43"]
[White "Lambrecht, Harald"]
[Black "Peglau, Paul David"]
[Result "1/2-1/2"]
[WhiteElo "1444"]
[BlackElo "1365"]
[Annotator "HAD"]
[PlyCount "185"]
[EventDate "2021.??.??"]

1. e4 e6 2. d4 d5 3. Bd3 dxe4 4. Bxe4 Nf6 5. Bf3 Be7 6. Nc3 O-O 7. Be3 Nbd7 8.
Nge2 c5 9. dxc5 Nxc5 10. Qxd8 Rxd8 11. O-O Na6 12. a3 Nc7 13. Rfd1 a5 14. Rxd8+
Bxd8 15. Rd1 Be7 16. Bb6 Nce8 17. Ng3 g6 18. Bd8 Kf8 19. Bb6 Nd6 20. Be2 Bd7
21. h3 Bc6 22. Bc7 Nde4 23. Ngxe4 Nxe4 24. Bd3 Nxc3 25. bxc3 a4 26. Ra1 Bf6 27.
Bd6+ Ke8 28. Bb4 Rc8 29. Re1 Bd5 30. Bb5+ Bc6 31. Bxc6+ Rxc6 32. Re3 b5 33. f3
Be7 34. Re2 Bxb4 35. cxb4 Rc3 36. Re5 Rxc2 37. Rxb5 Ra2 38. Ra5 Rxa3 39. b5 Kd8
40. b6 Rb3 41. Rxa4 Rxb6 42. Ra7 Ke8 43. Ra8+ Ke7 44. Ra7+ Kf6 45. Ra2 h5 46.
Re2 g5 47. Kf2 Kg7 48. g3 f5 49. Kg2 Kf6 50. Ra2 Rb4 51. Rf2 g4 52. f4 Re4 53.
Kh2 e5 54. fxe5+ Rxe5 55. hxg4 hxg4 56. Kg2 Kg6 57. Rd2 Re6 58. Rf2 Kg5 59. Rd2
Rf6 60. Rd5 Re6 61. Rd2 Rc6 62. Rf2 Rf6 63. Rd2 Rb6 64. Rf2 Rb4 65. Rd2 Rc4 66.
Rb2 Rd4 67. Rc2 Re4 68. Rd2 Kf6 69. Rb2 Kg5 70. Rb5 Re3 71. Rb2 Rd3 72. Rf2 Rc3
73. Rd2 Rf3 74. Rd5 Ra3 75. Rd2 Re3 76. Rf2 Re4 77. Rd2 Re5 78. Rf2 Re3 79. Rd2
Re4 80. Rf2 f4 81. gxf4+ Rxf4 82. Rd2 Re4 83. Rf2 Re3 84. Rd2 Kh4 85. Rf2 Rg3+
86. Kh2 Rf3 87. Rd2 Re3 88. Rc2 Re5 89. Rd2 Rh5 90. Kg2 Kg5 91. Rd5+ Kh6 92.
Rd6+ Kg7 93. Kg3 1/2-1/2

[Event "Kieler Open 2021"]
[Site "Kiel"]
[Date "2021.07.27"]
[Round "6.44"]
[White "Beerbaum, Philipp"]
[Black "Malinowsky, Celina"]
[Result "1-0"]
[WhiteElo "1360"]
[BlackElo "1366"]
[Annotator "HAD"]
[PlyCount "51"]
[EventDate "2021.??.??"]

1. c4 e5 2. g3 g6 3. Bg2 Bg7 4. Nc3 Nf6 5. e3 O-O 6. b4 d6 7. Nge2 c6 8. Rb1
Be6 9. d3 Qc8 10. h3 Nh5 11. g4 Nf6 12. e4 Nbd7 13. Be3 h5 14. f3 Qd8 15. Qd2
Nh7 16. Kd1 f5 17. gxf5 gxf5 18. f4 fxe4 19. Bxe4 Qh4 20. Kc2 exf4 21. Nxf4
Bxc3 22. Kxc3 Qf6+ 23. Kc2 a5 24. Qg2+ Ng5 25. Nxe6 Qxe6 26. Qxg5+ 1-0

[Event "Kieler Open 2021"]
[Site "Kiel"]
[Date "2021.07.27"]
[Round "6.45"]
[White "Möller, Rainer"]
[Black "Langbein, Wolfgang"]
[Result "1-0"]
[WhiteElo "1365"]
[BlackElo "1353"]
[Annotator "HAD"]
[PlyCount "80"]
[EventDate "2021.??.??"]

1. e4 c5 2. Nf3 Nc6 3. d4 cxd4 4. Nxd4 e6 5. Nc3 a6 6. Be2 Nf6 7. O-O Be7 8.
Bf4 O-O 9. e5 Nxd4 10. Qxd4 Ne8 11. Rad1 Nc7 12. Bf3 Rb8 13. a4 b6 14. Rfe1 Bc5
15. Qd2 Bb4 16. Bg5 Bxc3 17. bxc3 Qe8 18. Qd6 f6 19. exf6 gxf6 20. Bh6 Bb7 21.
Qg3+ Qg6 22. Qxg6+ hxg6 23. Bxf8 Bxf3 24. gxf3 Kxf8 25. Rxd7 Rc8 26. c4 Ke8 27.
Rd6 b5 28. cxb5 axb5 29. axb5 Nxb5 30. Rexe6+ Kf7 31. Rxf6+ Kg7 32. Rxg6+ Kf7
33. Rdf6+ Ke7 34. Rc6 Rxc6 35. Rxc6 Nd4 36. Rc4 Nxf3+ 37. Kg2 Ne5 38. Ra4 Ke6
39. h4 Kf6 40. Kg3 Nf7 1-0

[Event "Kieler Open 2021"]
[Site "Kiel"]
[Date "2021.07.27"]
[Round "6.46"]
[White "Wang, Kaiwen"]
[Black "Peglau, Lorena"]
[Result "1-0"]
[WhiteElo "1068"]
[BlackElo "1005"]
[Annotator "HAD"]
[PlyCount "41"]
[EventDate "2021.??.??"]

1. e4 c6 2. d4 d5 3. exd5 cxd5 4. c4 Nf6 5. Nc3 Bf5 6. Qb3 Nc6 7. cxd5 Nxd4 8.
Qa4+ Bd7 9. Qxd4 Bf5 10. Bf4 Nd7 11. Nb5 Qa5+ 12. b4 Qb6 13. Qxb6 Nxb6 14. Nc7+
Kd8 15. Nxa8 Nxa8 16. Nf3 Nb6 17. Ne5 Ke8 18. Bb5+ Kd8 19. Nxf7+ Kc8 20. Rc1+
Nc4 21. Rxc4# 1-0

[Event "Kieler Open 2021"]
[Site "Kiel"]
[Date "2021.07.28"]
[Round "7.1"]
[White "Spitzl, Vinzent"]
[Black "Buchholz, Sebastian"]
[Result "1-0"]
[WhiteElo "2346"]
[BlackElo "2151"]
[Annotator "RW"]

1.e4 d6 2.d4 Nf6 3.Nc3 Nbd7 4.h3 c6 5.a4 e5 6.Nge2 Be7 7.g3 0-0 8.Bg2 Re8 9.0-0 Qc7 10.Be3 exd4 11.Bxd4 Nc5 12.g4 b6 13.Ng3 Ba6 14.Re1 Nfd7 15.Nf5 Bf8 16.Qd2 Ne5 17.b3 Rad8 18.Rad1 f6 19.Kh1 Bc8 20.f4 Ng6 21.Rf1 Bxf5 22.exf5 Nh4 23.Qf2 Nxg2 24.Qxg2 Qc8 25.b4 Nb7 26.b5 cxb5 27.axb5 d5 28.Nxd5 Nd6 29.Bxf6 gxf6 30.Nxf6+ Kg7 31.Nxe8+ Rxe8 32.Rfe1 Rxe1+ 33.Rxe1 Qc3 34.Re5 Qc4 35.Qd2 Nf7 36.Re2 Bd6 37.Rf2 Qxb5 38.Qc3+ Kg8 39.Qc8+ Kg7 40.Qc3+ Kg8 41.Qc8+ Kg7 42.Qe6 Qc6+ 43.Kh2 Qc7 44.f6+ Kg8 45.Kg3 Qc5 46.Rd2 Qb4 47.Qe8+ Bf8 48.Rd3 Qc4 49.g5 Qxc2 50.Rd7 Qb3+ 51.Kg4 Qa2 52.Kh5 Qb3 53.Kg4 Qa2 54.Qe4 Qa1 55.g6 Qg1+ 56.Kh5 Qxg6+ 57.Qxg6+ hxg6+ 58.Kxg6 Nh8+ 59.Kf5 a5 60.Ke6 a4 61.f5 a3 62.Rb7 Bc5 63.Rb8+ Bf8 64.Rxb6 Nf7 65.h4 Nd8+ 66.Kd7 Nf7 67.Ra6 Nh6 68.Ke6 Nf7 69.Ra8 Nd6 70.Ra4 Kh7 71.Rxa3 Kg8 72.Ra8 Ne4 73.Ke5 Nc5 74.Ra7 Nd3+ 75.Ke4 Nf2+ 76.Kf4 Bh6+ 77.Kf3 Nd3 78.Ke4 Nf2+ 79.Kd5 Nd3 80.Ra3 Nf4+ 81.Ke5 Nh5 82.Ra6 Bf8 83.Ra8 Kf7 84.Ra7+ Kg8 85.Rb7 Bh6 86.f7+ Kf8 87.Ke6 Nf4+ 88.Kf6 Bg7+ 89.Kg5 Nd5 90.h5 Be5 91.h6 Ne7 92.f6 Nd5 93.h7 Bxf6+ 94.Kg6 Ne7+ 95.Kxf6

1-0

[Event "Kieler Open 2021"]
[Site "Kiel"]
[Date "2021.07.28"]
[Round "7.2"]
[White "Browning, Alex"]
[Black "Arndt, Magnus"]
[Result "1/2-1/2"]
[WhiteElo "2307"]
[BlackElo "2338"]
[Annotator "RW"]

1.c4 Nf6 2.Nc3 e6 3.e4 d5 4.exd5 exd5 5.d4 Be7 6.Bd3 0-0 7.Nge2 dxc4 8.Bxc4 Nbd7 9.0-0 Nb6 10.Bb3 Bf5 11.Re1 Qd7 12.Bf4 c6 13.Ng3 Bg6 14.Qf3 Rfe8 15.Rad1 Rad8 16.h3 Nbd5 17.Be5 Bf8 18.a3 h6 19.Re2 Qc8 20.Ree1 Qd7 21.Rc1 Qe6 22.Kf1 Ne3+ 23.fxe3 Qxb3 24.Bxf6 gxf6 25.Kg1 Qxb2 26.Nce4 Bg7 27.Nxf6+ Bxf6 28.Qxf6 Qxa3 29.Rc5 Rd5 30.Rxd5 cxd5 31.Qf4 Qf8 32.h4 Qg7 33.Rc1 Be4 34.Rc7 Re6 35.Nxe4 Rxe4 36.Qf5 Qg6 37.Qxd5 Rxe3 38.Rxb7 Re1+ 39.Kh2 Qf6 40.Rb3 Qxh4+ 41.Rh3 Qf4+ 42.Rg3+ Kh7 43.Qd8

1/2-1/2

[Event "Kieler Open 2021"]
[Site "Kiel"]
[Date "2021.07.28"]
[Round "7.3"]
[White "Callsen, Niklas"]
[Black "Dietz, Florian"]
[Result "1-0"]
[WhiteElo "2072"]
[BlackElo "2277"]
[Annotator "RW"]

1.e4 c5 2.Nf3 e6 3.d4 cxd4 4.Nxd4 Nc6 5.Nc3 Qc7 6.g3 a6 7.Bg2 h5 8.h3 h4 9.g4 Nge7 10.Be3 Ng6 11.Qd2 Nce5 12.b3 b5 13.f4 Nc6 14.Nce2 Bb7 15.a4 b4 16.0-0-0 Rc8 17.Kb1 Be7 18.e5 Nxd4 19.Nxd4 Bxg2 20.Qxg2 Bc5 21.Bc1 Ne7 22.Bb2 Nd5 23.Qe4 Nc3+ 24.Bxc3 bxc3 25.Ne2 Ba3 26.Rd4 Bb2 27.Rc4 Qb8 28.Rb4 Qc7 29.Qb7 Qd8 30.Rd1 a5 31.Rbd4 Rc7 32.Qb5 0-0 33.Rxd7 Rxd7 34.Rxd7 Qa8 35.Rb7 Rd8 36.Ka2 Rd1 37.b4 Qc8 38.bxa5 Kh7 39.a6 Ra1+ 40.Kb3 Rb1 41.Qd3+ Kg8 42.Qd7 Qf8 43.Qxf7+ Qxf7 44.Rxf7 Kxf7 45.a7 Re1 46.Nxc3

1-0

[Event "Kieler Open 2021"]
[Site "Kiel"]
[Date "2021.07.28"]
[Round "7.4"]
[White "Mitscherling, Andreas"]
[Black "Farokhi, Keyvan"]
[Result "1/2-1/2"]
[WhiteElo "2185"]
[BlackElo "2045"]
[Annotator "RW"]

1.d4 Nf6 2.Bf4 d5 3.e3 e6 4.Nf3 Bd6 5.Nbd2 0-0 6.Bd3 c5 7.dxc5 Bxf4 8.exf4 Qc7 9.Ne5 Qxc5 10.Nb3 Qb6 11.0-0 Bd7 12.Qe2 Nc6 13.c3 a5 14.Nxc6 bxc6 15.Qe3 Rfb8 16.Rab1 Qxe3 17.fxe3 a4 18.Nd2 c5 19.c4 Bc6 20.h3 Nd7 21.Rfc1 d4 22.exd4 cxd4 23.Be4 Bxe4 24.Nxe4 f5 25.Nf2 Nc5 26.Rd1 Rd8 27.b4 axb3 28.axb3 Ra2 29.Nd3 Ne4 30.Ra1 Rxa1 31.Rxa1 Nd2 32.Nc5 Ne4 33.Nd3 Nd2 34.Nc5 Ne4

1/2-1/2

[Event "Kieler Open 2021"]
[Site "Kiel"]
[Date "2021.07.28"]
[Round "7.5"]
[White "Schalla, Dieter"]
[Black "Popvasilev, Kaloyan"]
[Result "0-1"]
[WhiteElo "2043"]
[BlackElo "2127"]
[Annotator "RW"]

1.c4 e5 2.g3 Nc6 3.Bg2 Bc5 4.e3 d6 5.Ne2 a6 6.Nbc3 h5 7.h4 Bg4 8.Ne4 Ba7 9.d3 Nf6 10.Bd2 Rb8 11.Bc3 Nxe4 12.Bxe4 Qf6 13.Qd2 Bf3 14.Bxf3 Qxf3 15.Rf1 0-0 16.Ng1 Qf5 17.Qe2 b5 18.cxb5 axb5 19.Qf3 Qxf3 20.Nxf3 f6 21.Ke2 Bb6 22.Rfc1 Rb7 23.Bd2 Ne7 24.Nh2 Kf7 25.e4 Ra7 26.Nf1 Ke6 27.Ne3 Bd4 28.Rc2 Rc8 29.Nd1 c5 30.Be3 Nc6 31.Nc3 Bxc3 32.bxc3 Ra5 33.Rb2 Rca8 34.Kf3 b4 35.Bd2 bxc3 36.Bxc3 Ra3 37.Rc1 Rxa2 38.Rb7 R8a7 39.Rcb1 Rxb7 40.Rxb7 Ra3

0-1

[Event "Kieler Open 2021"]
[Site "Kiel"]
[Date "2021.07.28"]
[Round "7.6"]
[White "Dittmann, Hans-Adolf"]
[Black "Basey, Matthew"]
[Result "0-1"]
[WhiteElo "2083"]
[BlackElo "1922"]
[Annotator "RW"]

1.e4 e6 2.d4 d5 3.Nc3 Nf6 4.Bg5 dxe4 5.Nxe4 Nbd7 6.Nf3 h6 7.Nxf6+ Nxf6 8.Bh4 c5 9.c3 cxd4 10.Bb5+ Bd7 11.Nxd4 Be7 12.Qe2 0-0 13.Bd3 Nd5 14.Bg3 Bf6 15.Nf3 Nxc3 16.bxc3 Bxc3+ 17.Nd2 Bxa1 18.0-0 Bf6 19.Nf3 Bc6 20.Rd1 Qa5 21.Bb1 Rfd8 22.Re1 Bxf3 23.gxf3 Rd4 24.Qc2 Qxe1+

0-1

[Event "Kieler Open 2021"]
[Site "Kiel"]
[Date "2021.07.28"]
[Round "7.7"]
[White "Weihrauch, Jakob"]
[Black "Peglau, Dora"]
[Result "1-0"]
[WhiteElo "2137"]
[BlackElo "1906"]
[Annotator "RW"]

1.e4 c6 2.d4 d5 3.f3 e6 4.Nc3 b5 5.a3 a5 6.Be3 Ba6 7.Bd3 Nf6 8.e5 Nfd7 9.f4 b4 10.axb4 axb4 11.Nce2 c5 12.f5 c4 13.fxe6 fxe6 14.Nf4 cxd3 15.Qh5+ Ke7 16.Nxd5+ exd5 17.Bg5+ Nf6 18.exf6+ Kd7 19.fxg7 Be7 20.Qg4+ Kc7 21.gxh8Q Qxh8 22.Bxe7

1-0

[Event "Kieler Open 2021"]
[Site "Kiel"]
[Date "2021.07.28"]
[Round "7.8"]
[White "Peglau, Mirjam"]
[Black "Gaerths, Ronny"]
[Result "1/2-1/2"]
[WhiteElo "1906"]
[BlackElo "2171"]
[Annotator "RW"]

1.d4 Nf6 2.c4 e6 3.Nc3 Bb4 4.e3 b6 5.Bd2 Bb7 6.Nf3 0-0 7.Bd3 c5 8.0-0 cxd4 9.Nxd4 Nc6 10.Nxc6 Bxc6 11.a3 Be7 12.Qe2 Qb8 13.e4 d6 14.Rad1 Re8 15.f4 Nd7 16.Bc2 a6 17.Rfe1 Bh4 18.g3 Bf6 19.Qf2 b5 20.cxb5 axb5 21.Rb1 Nb6 22.Bd3 Nc4 23.Bxc4 bxc4 24.g4 g6 25.f5 Be5 26.Bf4 Bg7 27.f6 Bf8 28.Qd2 Qb6+ 29.Kf1 Red8 30.Bh6 Kh8 31.Bxf8 Rxf8 32.Qh6 Rg8 33.Re3 Ra5 34.Rh3 Rh5 35.gxh5 g5 36.Rg3 Qd4

1/2-1/2